[Event "Edición 2012"]
[Site "Hotel Riviera, La Habana Cuba"]
[Date "2012.05.05"]
[Round "2.2"]
[White "Laznicka, Viktor"]
[Black "Quesada Perez, Yuniesky"]
[Result "1-0"]
[WhiteElo "2693"]
[BlackElo "2625"]
[PlyCount "84"]
[EventDate "2012.??.??"]

1. d4 Nf6 2. c4 e6 3. Nc3 Bb4 4. e3 O-O 5. Bd3 d5 6. Nf3 c5 7. O-O dxc4 8. Bxc4
b6 9. Qe2 Bb7 10. Rd1 cxd4 11. Nxd4 Qe7 12. Bd2 Nbd7 13. a3 Bc5 14. Be1 a6 15.
b4 Bd6 16. Rac1 b5 17. Bb3 Rac8 18. f3 Ne5 19. Bg3 Rfd8 20. Bf2 Bb8 21. Na2 Nd5
22. Bg3 Nb6 23. Rxc8 Rxc8 24. e4 h6 25. Kf1 Qf6 26. Nc1 Nbc4 27. a4 bxa4 28.
Bxc4 Nxc4 29. Bxb8 Rxb8 30. Qxc4 Bxe4 31. Nce2 Bd5 32. Qc5 a3 33. Nc3 Rd8 34.
Nde2 a2 35. Qa5 Rd6 36. Nxa2 Rc6 37. Nac1 Qh4 38. h3 Qg5 39. Nd3 Rc2 40. Ndf4
Ra2 41. Qc7 Rb2 42. Nxd5 Qd8 1-0

[Event "Edición 2012"]
[Site "Hotel Riviera, La Habana Cuba"]
[Date "2012.05.07"]
[Round "4.3"]
[White "Potkin, Vladimir"]
[Black "Laznicka, Viktor"]
[Result "0-1"]
[WhiteElo "2642"]
[BlackElo "2693"]
[PlyCount "66"]
[EventDate "2012.??.??"]

1. e4 c5 2. Nf3 d6 3. d4 cxd4 4. Nxd4 Nf6 5. Nc3 a6 6. Bg5 Nbd7 7. Qe2 h6 8.
Bh4 e6 9. O-O-O b5 10. f4 Qc7 11. f5 Nc5 12. fxe6 fxe6 13. e5 dxe5 14. Bg3 b4
15. Bxe5 Qf7 16. Nb1 Bb7 17. Nd2 Be7 18. Nc4 Nfe4 19. Nf3 O-O 20. Qe3 Rad8 21.
Rxd8 Rxd8 22. Be2 Qg6 23. Re1 Bd5 24. g3 Rf8 25. Bf4 Qe8 26. Nfd2 Nxd2 27. Qxd2
Ne4 28. Qd4 Qa4 29. Kb1 Rc8 30. Rd1 Bc5 31. Qe5 Bd6 32. b3 Bxe5 33. bxa4 Nc3+
0-1

[Event "Edición 2012"]
[Site "Hotel Riviera, La Habana Cuba"]
[Date "2012.05.12"]
[Round "8.2"]
[White "Ivanchuk, Vassily"]
[Black "Quesada Perez, Yuniesky"]
[Result "1/2-1/2"]
[WhiteElo "2764"]
[BlackElo "2625"]
[PlyCount "120"]
[EventDate "2012.??.??"]

1. d4 Nf6 2. c4 e6 3. Nf3 Bb4+ 4. Bd2 Bxd2+ 5. Qxd2 d5 6. g3 c6 7. Bg2 Nbd7 8.
O-O b6 9. Na3 O-O 10. Rfc1 Bb7 11. cxd5 Ne4 12. Qf4 exd5 13. Nc4 Ndf6 14. Nfd2
Nxd2 15. Nxd2 Re8 16. e3 Qe7 17. Rc2 a5 18. Rac1 a4 19. a3 Nh5 20. Qf5 g6 21.
Qd3 Nf6 22. Rc3 Ra5 23. Qc2 Kg7 24. h4 h5 25. Bh3 Qd6 26. Qd1 Qe7 27. R3c2 Ba8
28. Qe1 c5 29. dxc5 Rxc5 30. Bg2 Rxc2 31. Rxc2 d4 32. Bxa8 Rxa8 33. e4 Ng4 34.
Nf3 Rd8 35. Rc6 Ne5 36. Nxe5 Qxe5 37. f4 Qb5 38. Rc2 Qb3 39. Rd2 Qf3 40. e5 d3
41. e6 f6 42. e7 Re8 43. Qf2 Qe4 44. Qf1 Qd4+ 45. Qf2 Qe4 46. Qf1 Qd4+ 47. Qf2
Qd7 48. Qf3 Rxe7 49. Rxd3 Qb5 50. Rd2 Qc5+ 51. Kh2 b5 52. Qd3 Qe3 53. Qd5 Qe1
54. Rg2 Qf1 55. Rc2 Re2+ 56. Rxe2 Qxe2+ 57. Qg2 Qc4 58. Qd2 Kf7 59. Qd7+ Kf8
60. Qd8+ Kf7 1/2-1/2

[Event "Edición 2012"]
[Site "Hotel Riviera, La Habana Cuba"]
[Date "2012.05.13"]
[Round "9.3"]
[White "Laznicka, Viktor"]
[Black "Potkin, Vladimir"]
[Result "1/2-1/2"]
[WhiteElo "2693"]
[BlackElo "2642"]
[PlyCount "94"]
[EventDate "2012.??.??"]

1. e4 e6 2. d4 d5 3. e5 c5 4. c3 Nc6 5. Nf3 Bd7 6. a3 Nge7 7. b4 cxd4 8. cxd4
Nf5 9. Bb2 b5 10. Nc3 a5 11. Bxb5 axb4 12. axb4 Bxb4 13. O-O O-O 14. Bxc6 Bxc6
15. Rxa8 Qxa8 16. Qb3 Be7 17. Ra1 Qb8 18. Qxb8 Rxb8 19. Bc1 h5 20. h3 h4 21.
Nd1 Kh7 22. Ne3 Kg6 23. Kh2 Nxe3 24. Bxe3 Bb5 25. Ra7 Bd8 26. g3 hxg3+ 27. Kxg3
Be2 28. Nh4+ Bxh4+ 29. Kxh4 Rb1 30. Kg3 Bh5 31. Ra8 Kf5 32. Rh8 Be2 33. f3 Rf1
34. Rh5+ Kg6 35. Rg5+ Kh7 36. Rh5+ Kg8 37. Bf2 Rb1 38. Be3 Bd3 39. Rg5 Bf5 40.
h4 Kh7 41. Rh5+ Kg8 42. Rg5 Rh1 43. h5 Kh7 44. Kg2 Re1 45. Kf2 Rh1 46. Kg2 Re1
47. Kf2 Rh1 1/2-1/2

[Event "Edición 2012"]
[Site "Hotel Riviera, La Habana Cuba"]
[Date "2012.05.14"]
[Round "10.2"]
[White "Dominguez Perez, Leinier"]
[Black "Nepomniachtchi, Ian"]
[Result "1-0"]
[WhiteElo "2725"]
[BlackElo "2716"]
[PlyCount "56"]
[EventDate "2012.??.??"]

1. e4 c5 2. Nf3 e6 3. d4 cxd4 4. Nxd4 Nc6 5. Nc3 Qc7 6. Be3 a6 7. Qd2 Nf6 8.
O-O-O b5 9. Nxc6 Qxc6 10. f3 Bb7 11. Bd3 b4 12. Ne2 h5 13. Kb1 Qc7 14. Rhe1 Be7
15. Bf4 Qb6 16. Bg5 Bc5 17. Bc4 Qc7 18. Nd4 Nh7 19. Bf4 e5 20. Nb3 Rd8 21. Bxe5
Qxe5 22. Bd5 Be7 23. Bxb7 Qxh2 24. Rh1 Qc7 25. Rxh5 g6 26. Rh3 Qxb7 27. Rdh1
Bf6 28. Rxh7 Rxh7 1-0